Le pessimisme (Record no. 165896)

MARC details
000 -LEADER
campo de control de longitud fija 00826nam a2200229 i 4500
001 - NÚMERO DE CONTROL
campo de control 165896
003 - IDENTIFICADOR DE NÚMERO DE CONTROL
campo de control ES-MaACL
005 - FECHA Y HORA DE LA ÚLTIMA TRANSACCIÓN
campo de control 20250826053622.0
008 - DATOS DE LONGITUD FIJA--INFORMACIÓN GENERAL
campo de control de longitud fija 990701s1882 fr |||| | fre d
100 1# - ENTRADA PRINCIPAL--NOMBRE DE PERSONA
Nombre de persona Sully, James.
9 (RLIN) 108763
245 13 - MENCIÓN DEL TÍTULO
Título Le pessimisme
Resto del título : (histoire et critique) /
Mención de responsabilidad, etc. par James Sully ; traduit de l'anglais par Alexis Bertrand et Paul Gerard.
260 ## - PUBLICACIÓN, DISTRIBUCIÓN, ETC.
Lugar de publicación, distribución, etc. Paris :
Nombre del editor, distribuidor, etc. Librairie Germer Baillière et Cie.,
Fecha de publicación, distribución, etc. 1882 (
Lugar de fabricación/manufactura Coulommiers :
Fabricante Typ. Paul Brodard)
300 ## - DESCRIPCIÓN FÍSICA
Extensión 452 p. ;
Dimensiones 22 cm.
650 #7 - PUNTO DE ACCESO ADICIONAL DE MATERIA--TÉRMINO DE MATERIA
Término de materia o nombre geográfico como elemento de entrada Pesimismo
Fuente del encabezamiento o término embne
9 (RLIN) 170652
700 1# - ENTRADA AGREGADA--NOMBRE PERSONAL
Nombre de persona Bertrand, Alexis.
9 (RLIN) 28517
700 1# - ENTRADA AGREGADA--NOMBRE PERSONAL
Nombre de persona Gerard, Paul.
9 (RLIN) 170654
752 ## - ENTRADA AGREGADA--NOMBRE JERÁRQUICO DEL LUGAR
País o entidad superior Francia -
Ciudad Colommiers
752 ## - ENTRADA AGREGADA--NOMBRE JERÁRQUICO DEL LUGAR
País o entidad superior Francia -
Ciudad París
852 ## - LOCALIZACIÓN
Ubicación ES-MaACL
Número de control de estantería D-4557
Nota libre - Enc. cart.
852 ## - LOCALIZACIÓN
Ubicación ES-MaACL
Número de control de estantería B-7186
Nota libre - Enc. pasta española
Holdings
Estatus retirado Estado de pérdida Estado de daño No para préstamo Colección Biblioteca de origen Biblioteca actual Ubicación en estantería Fecha de adquisición Fuente de adquisición Total de préstamos Signatura topográfica completa Código de barras Visto por última vez Precio de reemplazo Tipo de ítem Koha
        Libros del s. XIX Biblioteca del Ateneo de Madrid Biblioteca del Ateneo de Madrid Sala Pardo Bazán 17/01/2008     B-7186 1173979 23/02/2023 23/02/2023 Libro impreso antiguo
        Libros del s. XIX Biblioteca del Ateneo de Madrid Biblioteca del Ateneo de Madrid Sala Valle Inclán 17/01/2008     D-4557 901173978 23/02/2023 23/02/2023 Libro impreso antiguo